000 01027nam a22003730a 4500
001 PT55532
003 AR-LpoUNG
005 20210131231705.0
008 191001s[199||||sp |||||||||||||||||spa d
020 _a8480193441
_c$50
040 _aAR-LpoUNG
_bspa
_cAR-LpoUNG
_eaacr
041 _aspa
044 _asp
082 0 _a371.956 186sil
100 1 _aCampagnolle, Sergio Hugo
245 1 3 _aLa silla de ruedas y la educación física :
_beducación física adaptada
250 _a2da. ed.
260 _aBarcelona :
_bPaidotribo,
_c[1998].
300 _a146 p. :
_bil.
650 4 _aACCESO A LA EDUCACION
650 4 _aADAPTACION SOCIAL
650 4 _aALUMNOS IMPEDIDOS
650 4 _aASPECTOS EDUCATIVOS
650 4 _aASPECTOS SOCIALES
650 4 _aEDUCACION FISICA
650 4 _aESTRATEGIAS EDUCACIONALES
650 4 _aIMPEDIDOS
650 4 _aIMPEDIDOS FISICOS
650 4 _aMEDIO SOCIAL
650 4 _aSOCIEDAD
651 4 _aDOCUMENTOS TEORICOS O METODOLOGICOS
905 _a55532
942 _cLIB
999 _c11460
_d11460